000 01350nam a2200241Ii 4500
003 JO-AjNU
005 20240625134458.0
008 230605s9999||||xx |||||||||||||| ||und||
040 _aJO-AjNU
_bara
_erda
_cJO-AjNU
041 _aara
050 1 4 _aHG1707 2021
100 1 _aالخوالدة، عبدالله عواد
_eمعد
_965670
245 0 0 _aاثر تطبيق المعايير الاخلاقيه الصادرة عن هيئة المحاسبة والمراجعة للمؤسسات المالية الإسلامية (الأيوفي) على اداء العاملين في المصارف الاسلاميةThe impact of Ethical Standards Issurd by (AAOIFI) on the performance of jordanian Islamic Bank,s Staff /
_cاعداد عبدالله عواد الخوالده؛ اشراف فخري خليل ابو صفية
264 3 1 _a 2021
300 _a106 ورقة
336 _atext
_btxt
_2rdacontent
337 _aunmediated
_bn
_2rdamedia
338 _avolume
_bnc
_2rdacarrier
500 _aرسالة جامعية(اطروحة ماجستير) تخصص المصارف الاسلامية /كلية ادارة الاعمال جامعة عجلون الوطنية، 2021
650 4 _aهيئة المحاسبة -المصارف الالسلامية
_961287
700 1 _aابو صفية، فخري خليل
_eمشرف
_965514
942 _2lcc
_cTHS
999 _c31262
_d31262